Top Fives Quiz - Statistics

General Stats
  • This quiz has been taken 93 times
  • The average score is 11 of 45
Answer Stats
Largest Fish % Correct
Coca-Cola
81%
Toyota
67%
Louvre
63%
Pepsi
61%
Detroit
56%
California
54%
American
49%
General Motors
46%
Delta
44%
Texas
44%
British Museum
43%
Volkswagen
43%
Florida
42%
Honda
42%
Mountain Dew
39%
Whale Shark
29%
Elbrus
26%
United
26%
St. Louis
25%
Hyundai
24%
Oxygen
21%
Blanc
20%
Iron
20%
Southwest
20%
Pennsylvania
18%
Metropolitan Museum of Art
17%
Memphis
15%
Tate Modern
15%
Oakland
14%
National Gallery
13%
Basking Shark
11%
Silicon
10%
North Carolina
8%
Beluga Sturgeon
6%
Calcium
5%
Giant Manta
5%
King Herring
2%
Mug Root Beer
2%
Rosa
2%
Titanium
2%
China Southern
1%
Shkhara
1%
Bazar Dyuzi
0%
Minute Maid Apple Juice
0%
Wilmington
0%
No matching quizzes found
Score Distribution
Percent of People with Each Score
Percentile by Number Answered
Your Score History
You have not taken this quiz